00338nam a2200121Ia 4500008004000000020001700040082001500057100002500072245005500097260004000152300000800192650001600200210210b1992 xxu||||| |||| 00| 0 eng d a033391 016 8 a421.5 BALT aBALASUBRAMANIAN (T). aTextbook of english phonetics for Indian students. aMadras.bMacmillan India Ltd.c1992 a207 aPhonetics